000 00867aam a2200313 i 4500
001 768714001
003 CO-MdFUSB
005 20250901111442.0
007 ta
008 250901t1982 sp |||| |||| 00| 0 spa d
020 _a84-7228-700-9
040 _cCO-MdFUSB
041 0 _aspa
082 0 4 _223
_a249.6
_bM9399v
100 1 _aMIntyre, D. M. (David) (1859-1938)
_eautor
245 1 3 _aLa vida de oración a solas
_c/ D. M. M'Intyre ; traducido por Xavier Vila
264 1 _bClie,
_aTerrassa, Barcelona, España :
_c[1982]
264 4 _c©1982
300 _a99 páginas
336 _atexto
_btxt
_2rdacontent
337 _2rdamedia
_asin mediación
_bn
338 _2rdacarrier
_avolumen
_bnc
563 _aRústico
650 0 _aVida cristiana
_919
653 _aOración
700 _aVila, Xavier.
_92156
_etraductor
942 _cBK
945 _aJTF-925
999 _c36149
_d36149